000 00610nam a2200229Ia 4500
003 OSt
005 20221007073003.0
006 a|||||r|||| 00| 0
007 ta
008 221006b |||||||| |||| 00| 0 eng d
024 _a25,583
037 _cTextual
040 _aFLL
_cFLL
_beng
041 _2eng
_aeng
082 _aZwM32, D0
100 _aO'brien R. Barry
_9691718
245 0 _aLife of Lord Russell of Killowen
260 _aLondon
_bThomas Nelson & Sons London
_c1930
300 _a1-384p
_ccm.
942 _hZwM32, D0
_cTEXL
_2CC
999 _c1147423
_d1147423